LEADER 01238nam a2200289 a 4500 001 000000044616 003 CaOOAMICUS 005 20130930130149.0 008 990430s1934 it u000 u ita u 035 $a10821913 040 $aPUL(R)$bita 100 1 $aCarusi, Evaristo,$d1866-1940.$0(OLS)http://pul/name/521 245 10$aLezioni di Diritto musulmano /$cdel prof. Evaristo Carusi ; raccolte e compilate dal Dott. Antonio D'Emilia. 260 $aRoma :$bLibreria Castellani,$c1934. 300 $a252 p. ;$c24 cm 500 $aIn testa al front.: R. Universitā degli studi di Roma. 500 $aTesto dattiloscritto. 500 $aLezioni tenute nell'Anno accademico 1934-1935. 504 $aBibliografia a pič pagina. 650 4$aDiritto islamico.$0(OLS)http://pul/subject/490 700 1 $aD'Emilia, Antonio.$0(OLS)http://pul/name/2194 850 $aPUL 852 $aPUL$W1$xDP2 Diritto e Scienze Sociali 1$y65$m210 E 9$j60014$nBK-PRI$qStampati$B60014$CPULBib$Z2$F60014 $82 941 1 $a8 961 $aTimbri: Bibliotheca Pontificium Institutum Utriusque Iuris. 996 $6245$aLezioni di Diritto musulmano$9(OLS)http://pul/title/60143 996 $6260$aRoma :$bLibreria Castellani$9(OLS)http://pul/publisher/64671 LEADER 01171nam a2200289 u 4500 001 000000051745 003 CaOOAMICUS 005 20070226115354.0 008 000926s1959 it u000 u ita u 035 $a10856555 040 $aPUL(R)$bita 100 1 $aCarrara, Giovanni,$d1885-1965.$0(OLS)http://pul/name/12567 245 12$aI contratti agrari /$cGiovanni Carrara. 250 $a4. ed. aggiornata e ampliata. 260 $aTorino :$bUnione tipografico-editrice torinese,$c1959. 300 $axxvii, 937 p. ;$c25 cm 490 1 $aTrattato di diritto civile italiano ;$v10:2 500 $aContiene indici. 504 $aBibliografia in nota. 650 4$aDiritto civile.$0(OLS)http://pul/subject/2145 830 0$aTrattato di diritto civile italiano ;$v10:2.$0(OLS)http://pul/title/6361 850 $aPUL 852 $aPUL$W1$xDP1 Fondo Ciprotti$y59$m1540 C 15$j68528$nBK-PRI$b $qFondi$B68528$CPULBib$Z2$F68528 $H $81 941 1 $a1 961 $aINV: F. Ciprotti 996 $6245$aI contratti agrari$9(OLS)http://pul/title/69479 996 $6260$aTorino :$bUnione tipografico-editrice torinese$9(OLS)http://pul/publisher/48298